000 00555cab a2200217 4500
001 X1110
008 090401t1993 xxu||||| |||| 00| 0 eng d
035 _a(Sirsi) u14739
041 _aeng
245 _aNew rules for livestock auctioneers
260 _c1993
350 _a0
490 _aCS Monthly : Rural Practice
_v3(2) October 1993, 2(1)
650 _aCHATTELS
650 _aLIVESTOCK AUCTIONEERS
650 _aRICS MEMBERS' ACCOUNTS RULES
690 _aAuctioneering
_96218
690 _aRURAL PRACTICE
942 _n0
948 _c04/03/1997
999 _c9617
_d9617